000 00541nam a2200181Ia 4500
005 20250508150232.0
008 008 250505s9999 xx 000 0 eng d
037 _aTextual
040 _aFEDL
_beng
_cFEDL
041 _aeng
_2eng
084 _a940.53, ROY
_qFEDL
245 0 _aChronology of the second World War
245 0 _cRoyal Institute of International Afairs
260 _aLondon, UK
_bRoyal Institute of International Afairs
_c1947
300 _a374p
942 _cTEXL
_h940.53, ROY
999 _c1322555
_d1322555